Storm : (Record no. 346372)
[ view plain ]
| 000 -LEADER | |
|---|---|
| fixed length control field | 00730 a2200205 4500 |
| 020 ## - INTERNATIONAL STANDARD BOOK NUMBER | |
| International Standard Book Number | 0138474435 |
| 020 ## - INTERNATIONAL STANDARD BOOK NUMBER | |
| International Standard Book Number | 9780138474430 |
| 090 ## - LOCALLY ASSIGNED LC-TYPE CALL NUMBER (OCLC); LOCAL CALL NUMBER (RLIN) | |
| -- | 3911 |
| -- | 3911 |
| 100 1# - MAIN ENTRY--PERSONAL NAME | |
| Personal name | Emmons, Hamilton. |
| 245 10 - TITLE STATEMENT | |
| Title | Storm : |
| Remainder of title | personal version 3.0 : |
| -- | quantitative modeling for decision support / |
| Statement of responsibility, etc. | Hamilton Emmons. |
| 250 ## - EDITION STATEMENT | |
| Edition statement | Har/Dis Su ed. |
| 260 ## - PUBLICATION, DISTRIBUTION, ETC. | |
| Place of publication, distribution, etc. | [S.l.] : |
| Name of publisher, distributor, etc. | Prentice Hall College Div, |
| Date of publication, distribution, etc. | 1992. |
| 300 ## - PHYSICAL DESCRIPTION | |
| Extent | 777 p. |
| 500 ## - GENERAL NOTE | |
| General note | Hardcover. |
| 700 1# - ADDED ENTRY--PERSONAL NAME | |
| Personal name | Flowers, A. Dale. |
| 700 1# - ADDED ENTRY--PERSONAL NAME | |
| Personal name | Khot, Chandrashekhar M. |
| 856 40 - ELECTRONIC LOCATION AND ACCESS | |
| Materials specified | Amazon.com |
| Uniform Resource Identifier | <a href="http://www.amazon.com/exec/obidos/ASIN/0138474435/chopaconline-20">http://www.amazon.com/exec/obidos/ASIN/0138474435/chopaconline-20</a> |
| 856 40 - ELECTRONIC LOCATION AND ACCESS | |
| Materials specified | Amazon customer reviews |
| Uniform Resource Identifier | <a href="http://www.chopac.org/cgi-bin/tools/azrev.pl?q=0138474435">http://www.chopac.org/cgi-bin/tools/azrev.pl?q=0138474435</a> |
| 942 ## - ADDED ENTRY ELEMENTS (KOHA) | |
| Institution code [OBSOLETE] | NBS |
| Koha item type | Book |
| Call number prefix | 005.3 EMM |
| Withdrawn status | Lost status | Damaged status | Not for loan | Permanent Location | Current Location | Shelving location | Date acquired | Total Checkouts | Full call number | Barcode | Date last seen | Date last checked out | Price effective from | Koha item type |
|---|---|---|---|---|---|---|---|---|---|---|---|---|---|---|
| Central Library (CL) | Central Library (CL) | First Floor - Software Engineering/ Programming Language | 08/28/2013 | 1 | 005.3 EMM | NBS995 | 11/22/2017 | 07/19/2017 | 08/28/2013 | Book |
